000 01049nam a22003017a 4500
999 _c21622
_d21622
003 AR-CdUCM
008 201015b ||||| |||| 00| 0 spa d
020 _a9789876913539
040 _aMUNICIPALIDAD PROVINCIAL DEL CUSCO
_cBIBLIOTECA MUNICIPAL DEL CUSCO
082 _a303.625/N6
_bN6
245 _aNo hay mañana sin ayer :
_bbatallas por la memoria histórica en el Cono Sur /
_cSteve J. Stern, Peter Winn, Fedrico Lorenz ... [et al.] ; traducción, Yolanda Westphalen Rodríguez
260 _aBuenos Aires ;
_bBiblos,
_c2015.
300 _a373 páginas. :
_c22 cm.
650 _aMemoria colectiva
_91121
650 _aViolencia política
_97220
650 _aConflicto social
_945013
650 _aLuchas sociales
_99086
650 _aDerechos humanos
_93264
650 _aAspectos políticos
_98399
650 _aChile
_91150
650 _aArgentina
_9511
650 _aUruguay
_92511
700 _aStern, Steve J
_930285
700 _aWinn, Peter
_945564
700 _aLorenz, Federico
_945565
942 _2ddc
_cLIBROS
945 _aRoel